000 00524nam a2200193Ia 4500
008 240729s9999 xx 000 0 und d
022 _a2329-0501
245 0 _aMolecular Therapy: Methods & Clinical Development
260 _aUnited States
260 _bElsevier
650 _a Biology (General)
650 _a Biology (General)
650 _a Cytology
650 _a Genetics | Science
650 _aScience
856 _uhttps://doaj.org/toc/20268dda98c14fce8896d13918d8b0c9
942 _2ddc
942 _cDOAJEJ
999 _c72417
_d72417
945 _a1
_bMadushi Gamage
_c1
_dMadushi Gamage